City to Country - Extreme - Statistics

General Stats
  • This quiz has been taken 51 times
  • The average score is 12 of 16
Answer Stats
City Country % Correct
Leeds United Kingdom
100%
Shenyang China
98%
Lille France
96%
Jacksonville United States
96%
Chennai India
94%
Nagoya Japan
94%
Malaga Spain
88%
Lviv Ukraine
88%
Östersund Sweden
82%
Davao City Philippines
70%
Funafuti Tuvalu
70%
Kano Nigeria
66%
Perm Russia
66%
Valencia Venezuela
48%
Ica Peru
28%
Lae Papua New Guinea
22%
No matching quizzes found
Score Distribution
Percent of People with Each Score
Percentile by Number Answered
Your Score History
You have not taken this quiz